|
|
|
|
| LEADER |
00000cam a2200000 a 4500 |
| 001 |
vtls010072797 |
| 003 |
SK-MaSNL |
| 005 |
20260302081419.0 |
| 008 |
180730s2009 xo oa d p 000 0 slo |
| 015 |
|
|
|a SNBA2010/05-02771
|
| 020 |
|
|
|a 9788080544768
|q (viaz.)
|
| 035 |
|
|
|a E6D11962-ABB3-495A-BBD8-240D4467007E
|
| 035 |
|
|
|a urn:nbn:sk:snk-amka1b
|
| 035 |
|
|
|a urn:nbn:sk:snk-am00897v
|
| 040 |
|
|
|a SNK
|b slo
|c SNK
|e AACR2
|
| 041 |
0 |
|
|a slo
|
| 044 |
|
|
|a xo
|c SK
|
| 072 |
|
7 |
|a 636
|x Živočíšna výroba
|2 konspekt
|
| 080 |
|
|
|a 636.7.08
|2 2001
|
| 080 |
|
|
|a 636.088
|2 2001
|
| 080 |
|
|
|a (035)
|2 2001
|
| 080 |
|
|
|a 614.9
|2 2001
|
| 245 |
0 |
0 |
|a Policajná kynológia
|b učebnica Policajnej kynológie pre študentov Akadémie Policajného zboru v Bratislave
|c Václav Krajník ... [et al.]
|
| 250 |
|
|
|a 1. vyd.
|
| 260 |
|
|
|a Bratislava
|b Akadémia Policajného zboru
|c 2009
|
| 300 |
|
|
|a 573 s.
|b fotogr. (prevažne fareb.), ilustr.
|c 24 cm
|
| 366 |
|
|
|e 300 výt.
|
| 504 |
|
|
|a Bibliogr. s. 571- 573
|
| 521 |
|
|
|a Učebnica je odporučená štúdijná literatúra pre štud. bakalárskeho štúdia kynológie Univerzity veterinárskeho lekárstva v Košiciach
|
| 650 |
0 |
7 |
|a kynológia
|2 SNKPH
|9 24771
|
| 650 |
0 |
7 |
|a služobné psy
|2 SNKPH
|9 79340
|
| 650 |
0 |
7 |
|a Cynology
|2 SNKPH
|9 340226
|
| 650 |
0 |
7 |
|a Service dogs
|2 SNKPHeng
|9 349891
|
| 650 |
0 |
7 |
|a Animal training
|2 SNKPHeng
|9 332424
|
| 650 |
0 |
7 |
|a Veterinary physiology
|2 SNKPHeng
|9 373081
|
| 650 |
0 |
7 |
|a Veterinary care
|2 SNKPHeng
|9 335965
|
| 650 |
0 |
7 |
|a policajná kynológia
|2 SNKPH
|9 60142
|
| 650 |
0 |
7 |
|a výcvik zvierat
|2 SNKPH
|9 67537
|
| 650 |
0 |
7 |
|a veterinárna fyziológia
|2 SNKPH
|9 81398
|
| 650 |
0 |
7 |
|a veterinárna starostlivosť
|2 SNKPH
|9 4001
|
| 655 |
|
7 |
|a učebnice vysokých škôl
|2 SNKPH
|9 70191
|
| 655 |
|
7 |
|a Textbooks (higher)
|2 SNKPHeng
|9 276436
|
| 700 |
1 |
|
|a Krajník, Václav
|4 aut
|9 13141
|
| 852 |
|
|
|a Štátna vedecká knižnica v Banskej Bystrici
|
| 919 |
|
|
|a 978-80-8054-476-8
|
| 958 |
|
|
|a NB
|
| 958 |
|
|
|a OND
|
| 968 |
|
|
|d 63
|
| 999 |
|
|
|c 1176331
|d 1178261
|
| 952 |
|
|
|a SNK
|b SNK
|y PREZ
|7 0
|p 17A0651069
|o snkSC 139476
|i snk2010/5853
|8 0
|0 0
|1 0
|4 0
|d 2010-03-23
|l 0
|r 2025-07-08 00:00:00
|w 2026-02-24
|
| 952 |
|
|
|a SNK
|b SNKPULT
|y VYP
|7 0
|p 17A0651070
|o snkSC 139476 D1
|i snk2010/5854
|8 0
|0 0
|1 0
|4 0
|d 2010-03-23
|f 1
|l 1
|q 2026-06-02
|r 2026-04-23 09:23:15
|s 2026-04-23
|w 2026-02-24
|